000 00440cam a2200169ua 4500
020 _c495.00
041 _aeng
_h
082 _a621.3
_bONW/ME
100 _aOnwubolu, Godfrey C .
245 _aMechatronics; principles and applications /
_cGodfrey C Onwubolu.
_hTextual Documents
260 _a :
_bButterworth Heinmann ,
_c2006.
300 _a645 ; .
365 _a495.00
504 _a
942 _cBK
999 _c13357
_d13357